Monocytes et cancer : éclairages fondamentaux et perspectives thérapeutiques (notice n° 1532432)
[ vue normale ]
| 000 -LEADER | |
|---|---|
| fixed length control field | 00858cam a2200241 4500500 |
| 005 - DATE AND TIME OF LATEST TRANSACTION | |
| control field | 20251012015538.0 |
| 041 ## - LANGUAGE CODE | |
| Language code of text/sound track or separate title | fre |
| 042 ## - AUTHENTICATION CODE | |
| Authentication code | dc |
| 100 10 - MAIN ENTRY--PERSONAL NAME | |
| Personal name | M’raouni, Bouchra |
| Relator term | author |
| 245 00 - TITLE STATEMENT | |
| Title | Monocytes et cancer : éclairages fondamentaux et perspectives thérapeutiques |
| 260 ## - PUBLICATION, DISTRIBUTION, ETC. | |
| Date of publication, distribution, etc. | 2025.<br/> |
| 500 ## - GENERAL NOTE | |
| General note | 2 |
| 700 10 - ADDED ENTRY--PERSONAL NAME | |
| Personal name | Souli, Ikram |
| Relator term | author |
| 700 10 - ADDED ENTRY--PERSONAL NAME | |
| Personal name | Lakhouaja, Nadia |
| Relator term | author |
| 700 10 - ADDED ENTRY--PERSONAL NAME | |
| Personal name | Lamjadli, Saad |
| Relator term | author |
| 700 10 - ADDED ENTRY--PERSONAL NAME | |
| Personal name | Salami, Abdelmouine |
| Relator term | author |
| 700 10 - ADDED ENTRY--PERSONAL NAME | |
| Personal name | Eddehbi, Fatima-Ezzohra |
| Relator term | author |
| 700 10 - ADDED ENTRY--PERSONAL NAME | |
| Personal name | Oualhadj, Hamza |
| Relator term | author |
| 700 10 - ADDED ENTRY--PERSONAL NAME | |
| Personal name | Hazime, Raja |
| Relator term | author |
| 700 10 - ADDED ENTRY--PERSONAL NAME | |
| Personal name | Admou, Brahim |
| Relator term | author |
| 786 0# - DATA SOURCE ENTRY | |
| Note | Annales de Biologie Clinique | 83 | 4 | 2025-09-03 | p. 357-371 | 0003-3898 |
| 856 41 - ELECTRONIC LOCATION AND ACCESS | |
| Uniform Resource Identifier | <a href="https://shs.cairn.info/revue-annales-de-biologie-clinique-2025-4-page-357?lang=fr&redirect-ssocas=7080">https://shs.cairn.info/revue-annales-de-biologie-clinique-2025-4-page-357?lang=fr&redirect-ssocas=7080</a> |
Pas d'exemplaire disponible.




Réseaux sociaux